000 00524nam a22001937a 4500
003 CEME
005 20210628205348.0
008 210312b xxu||||| |||| 00| 0 eng d
020 _a0-471-55389-7
040 _c.
082 _a621.183 FRE'M
100 _aFrench, David N
_975128
245 _aMetallurgical failures in fossil fired boilers
250 _a2ND
260 _aNEWYORK
_bJOHN WILEY
_c1995
300 _aXIV, 514P
650 _aSTEAM BOILERS FAILURES METALS FRACTURES FRACTOGRAPHY
_975129
942 _cBK
_2ddc
999 _c580611
_d580611